000 00597nam a2200229Ia 4500
003 OSt
005 20220928114844.0
006 a|||||r|||| 00| 0
007 ta
008 220927b |||||||| |||| 00| 0 eng d
024 _a48052
037 _cTextual
040 _aSDCL
_cSDCL
_beng
041 _2eng
_aeng
082 _aV5'P, P1
100 _aBessis Sophie
_9441393
245 0 _aWestern supremacy
_b Triumph of an idea?
260 _aLondon
_bZed Books
_c2001
300 _ax,290p.
_ccm.
942 _hV5'P, P1
_cTEXL
_2CC
999 _c756804
_d756804